Online
Catalog

The makers of Taiwan : (Record no. 1792)

MARC details
000 -CABECERA
campo de control de longitud fija 00557cam a2200169 a 4500
001 - NÚMERO DE CONTROL
campo de control 000001926
005 - FECHA Y HORA DE LA ÚLTIMA TRANSACCIÓN
campo de control 20200929145747.0
008 - DATOS DE LONGITUD FIJA--INFORMACIÓN GENERAL
campo de control de longitud fija 800213s1963 ch 000 0ceng
040 ## - FUENTE DE LA CATALOGACIÓN
Centro catalogador/agencia de origen DO-SdBNP
Lengua de catalogación spa
Centro/agencia transcriptor BNPHU
082 ## - NÚMERO DE LA CLASIFICACIÓN DECIMAL DEWEY
Número de clasificación 920.051249
Número de documento/Ítem G578m
100 1# - ENTRADA PRINCIPAL--NOMBRE DE PERSONA
Nombre de persona Goddard, W. G.
Forma completa/desarrollada del nombre (William G.)
9 (RLIN) 6250
245 14 - MENCIÓN DE TÍTULO
Título The makers of Taiwan :
Resto del título lectures to student Groups in Britain /
Mención de responsabilidad, etc. W. G. Goddard.
260 ## - PUBLICACIÓN, DISTRIBUCIÓN, ETC.
Lugar de publicación, distribución, etc. Taipei, China :
Nombre del editor, distribuidor, etc. China Pubublishing,
Fecha de publicación, distribución, etc. [1963?].
300 ## - DESCRIPCIÓN FÍSICA
Extensión 163 p. ;
Dimensiones 21 cm.
651 #4 - PUNTO DE ACCESO ADICIONAL DE MATERIA--NOMBRE GEOGRÁFICO
Nombre geográfico Taiwan
Subdivisión general Biografía
9 (RLIN) 6251
910 ## - DATOS DE OPCIÓN DEL USUARIO (OCLC)
Datos de opción del usuario Catalogación por copia / LC
Holdings
Estado de retiro Estado de pérdida Restricciones de uso No para préstamo Código de colección Localización permanente Ubicación/localización actual Ubicación en estantería Fecha de adquisición Número de inventario Total de préstamos Signatura topográfica completa Código de barras Fecha visto por última vez Precio válido a partir de Tipo de ítem Koha
    Préstamo interno   Monografías: Libros y Folletos General General En catalogación 18.09.2009 LF1   920.051249 G578m 1926-10 25.06.2020 25.06.2020 Préstamo interno

Powered by Koha